| 000 | 00647nam a2200193Ia 4500 | ||
|---|---|---|---|
| 003 | GCL | ||
| 008 | 140319s9999 xx 000 0 ara d | ||
| 040 |
_aGCL / _cGCL |
||
| 082 | 0 | 4 |
_a796.34 _bع م |
| 100 | 1 | _aكمال درويش | |
| 245 | 1 | 0 |
_aالموسوعة العربية للتنس: ج3 للاخطاء الشائعة وكيفية تصحيحها / _cكمال درويش |
| 700 | 1 | _aعبدالنبى الجمال | |
| 260 |
_a[S.N] : _bلجنة الاعلام والدراسات المستقبلية ، _c1993 |
||
| 300 | _a105 ص | ||
| 490 | _a | ||
| 650 | 0 | 4 | _aالرياضة البدنية |
| 650 | 0 | 4 | _aالتنس |
| 942 |
_2ddc _cBK |
||
| 999 |
_c31964 _d31964 |
||